Which Island of Japan? - Multiple Choice - Statistics

General Stats
  • This quiz has been taken 15 times
  • The average score is 12 of 15
Answer Stats
Question Answer % Correct
Some cities include Hakodate, Asahikawa and Wakkanai Hokkaido
100%
Most populous island Honshu
100%
Has the largest lake in Japan Honshu
100%
The shinkansen (bullet train) doesn't stop here Shikoku
100%
Originally inhabited by the Ainu people Hokkaido
80%
Island with the largest area Honshu
80%
Where the largest earthquake recorded in Japan took place Honshu
80%
Where Fukuoka is located Kyushu
80%
Has Mount Aso Kyushu
80%
Geographically the closest to Taiwan Kyushu
80%
Consists of only four prefectures Shikoku
80%
Ehime prefecture is located here Shikoku
80%
Formerly known as Ezo Hokkaido
60%
The Mazda Motor Corporation is headquartered here Honshu
60%
Has the oldest hot spring in Japan (inspiration for the film Spirited Away) Shikoku
20%
No matching quizzes found
Score Distribution
Percent of People with Each Score
Percentile by Number Answered
Your Score History
You have not taken this quiz